00529nam a2200133Ia 4500008004100000100002200041245016900063245003600232260005900268260000900327650001800336650001500354856002600369170221s9999 xx 000 0 und d aDesideria Cempaka aKeyboard Action End up Political Party: Understanding the Intertwining Relations of Social Media Activism, Citizenship, And the Dynamics of Democracy in Indonesia  cDesideria Cempaka, Wijaya Murti bOnline Journal of Communication and Media Technologies c2016 xCommunication xMedia Arts uhttp://www.ojcmt.net/